[Event "Noale Szabados Memorial-B 1st"]
[Site "Noale"]
[Date "2008.02.09"]
[Round "2"]
[White "Rigato, Leonardo"]
[Black "Sorbera, Giovanni"]
[Result "0-1"]
[WhiteElo "1583"]
[BlackElo "1848"]
[PlyCount "120"]
[EventDate "2008.02.08"]
[EventType "swiss"]
[EventRounds "5"]
[EventCountry "ITA"]
[SourceTitle "EXT 2022"]
[Source "ChessBase"]
[SourceDate "2021.10.06"]
[SourceVersion "1"]
[SourceVersionDate "2021.10.06"]
[SourceQuality "1"]

1. d4 Nf6 2. c4 c5 3. d5 b5 4. b3 g6 5. Bb2 Bg7 6. Nd2 0-0 7. Ngf3 d6 8. e4 Qa5 9. Qc2 bxc4 10. bxc4 Nfd7 11. Bxg7 Kxg7 12. Be2 Na6 13. a3 f6 14. 0-0 Ne5 15. h3 Bd7 16. Nh4 Rab8 17. f4 Ba4 18. Qc1 Nf7 19. Rb1 Rxb1 20. Nxb1 Nb8 21. g4 Nd7 22. g5 fxg5 23. fxg5 Nfe5 24. Rxf8 Kxf8 25. Nf3 Nxf3+ 26. Bxf3 Ne5 27. Be2 Bd7 28. Kg2 Qa6 29. Qc3 Qb6 30. Nd2 Kg8 31. Nf3 Nxf3 32. Bxf3 Ba4 33. e5 Qb3 34. Qe1 Qb2+ 35. Qe2 Qxe2+ 36. Bxe2 Kf7 37. exd6 exd6 38. Bd3 Ke7 39. Kf2 Kd7 40. Ke2 Kc7 41. Kd2 Kb6 42. Bc2 Ka5 43. h4 a6 44. Bd3 Bd7 45. Kc3 Ka4 46. Kb2 Bg4 47. Bc2+ Ka5 48. Kc3 Bd7 49. h5 gxh5 50. Bxh7 h4 51. Be4 h3 52. g6 Be8 53. g7 Bf7 54. Bf3 h2 55. Be4 Ka4 56. Kb2 Ka5 57. Kb3 Kb6 58. Ka4 Bg8 59. Bf3 Bh7 60. Bg2 Bc2# 0-1